Limbi după steaguri îmbinate - Statistics

General Stats
  • This quiz has been taken 37 times
  • The average score is 10 of 16
Answer Stats
Picture Answer % Correct
Franceză
95%
Germană
95%
Spaniolă
95%
Engleză
89%
Italiană
89%
Portugheză
89%
Rusă
89%
Chineză
74%
Coreeană
58%
Suedeză
58%
Catalană
37%
Olandeză
37%
Afrikaans
26%
Sârbocroată
26%
Swahili
26%
Tigrinya
11%
No matching quizzes found
Score Distribution
Percent of People with Each Score
Percentile by Number Answered
Your Score History
You have not taken this quiz